header

What is scarcity of resources? / (Record no. 265878)

MARC details
000 -LEADER
fixed length control field 01842cam a2200481 a 4500
001 - CONTROL NUMBER
control field 15335230
003 - CONTROL NUMBER IDENTIFIER
control field OSt
005 - DATE AND TIME OF LATEST TRANSACTION
control field 20260213074219.0
008 - FIXED-LENGTH DATA ELEMENTS--GENERAL INFORMATION
fixed length control field 080618s2009 nyua j b 001 0 eng
010 ## - LIBRARY OF CONGRESS CONTROL NUMBER
LC control number 2008025372
016 ## - NATIONAL BIBLIOGRAPHIC AGENCY CONTROL NUMBER
Record control number 20089036492
020 ## - INTERNATIONAL STANDARD BOOK NUMBER
International Standard Book Number 9780778742562
Qualifying information reinforced library binding : alk. paper
International Standard Book Number 0778742563
Qualifying information reinforced library binding : alk. paper
International Standard Book Number 9780778742616
Qualifying information pbk. : alk. paper
International Standard Book Number 077874261X
Qualifying information pbk. : alk. paper
035 ## - SYSTEM CONTROL NUMBER
System control number 15335230
System control number (OCoLC)227911753
037 ## - SOURCE OF ACQUISITION
Stock number 1286305
Source of stock number/acquisition QBI
040 ## - CATALOGING SOURCE
Original cataloging agency DLC
Transcribing agency DLC
Modifying agency QBX
-- BTCTA
-- BAKER
-- DLC
050 00 - LIBRARY OF CONGRESS CALL NUMBER
Classification number HB183
Item number .C64 2009
082 00 - DEWEY DECIMAL CLASSIFICATION NUMBER
Classification number 333.7/11
Edition number 22
100 1# - MAIN ENTRY--PERSONAL NAME
Personal name Cohn, Jessica.
245 10 - TITLE STATEMENT
Title What is scarcity of resources? /
Statement of responsibility, etc Jessica Cohn.
246 30 - VARYING FORM OF TITLE
Title proper/short title Scarcity of resources
260 ## - PUBLICATION, DISTRIBUTION, ETC. (IMPRINT)
Place of publication, distribution, etc New York :
Name of publisher, distributor, etc Crabtree Pub.,
Date of publication, distribution, etc c2009.
300 ## - PHYSICAL DESCRIPTION
Extent 32 p. :
Other physical details ill. (chiefly col.) ;
Dimensions 29 cm.
336 ## - CONTENT TYPE
Content type term text
Content type code txt
Source rdacontent
337 ## - MEDIA TYPE
Media type term unmediated
Media type code n
Source rdamedia
338 ## - CARRIER TYPE
Carrier type term volume
Carrier type code nc
Source rdacarrier
490 1# - SERIES STATEMENT
Series statement Economics in action
504 ## - BIBLIOGRAPHY, ETC. NOTE
Bibliography, etc Includes bibliographical references (p. 32) and index.
650 #0 - SUBJECT ADDED ENTRY--TOPICAL TERM
Topical term or geographic name as entry element Economics
Form subdivision Juvenile literature.
Topical term or geographic name as entry element Natural resources
Form subdivision Juvenile literature.
Topical term or geographic name as entry element Scarcity
Form subdivision Juvenile literature.
Topical term or geographic name as entry element Capital
Form subdivision Juvenile literature.
655 #7 - INDEX TERM--GENRE/FORM
Genre/form data or focus term Literature.
Source of term lcgft
Authority record control number https://id.loc.gov/authorities/genreForms/gf2014026415
830 #0 - SERIES ADDED ENTRY--UNIFORM TITLE
Uniform title Economics in action.
856 41 - ELECTRONIC LOCATION AND ACCESS
Materials specified Table of contents only
Uniform Resource Identifier <a href="http://www.loc.gov/catdir/toc/ecip0821/2008025372.html">http://www.loc.gov/catdir/toc/ecip0821/2008025372.html</a>
906 ## - LOCAL DATA ELEMENT F, LDF (RLIN)
a 7
b cbc
c orignew
d 1
e ecip
f 20
g y-gencatlg
942 ## - ADDED ENTRY ELEMENTS (KOHA)
Source of classification or shelving scheme Library of Congress Classification
Koha item type Long Loan Books
Holdings
Withdrawn status Lost status Source of classification or shelving scheme Damaged status Not for loan Collection code Home library Current library Shelving location Date acquired Source of acquisition Total Checkouts Full call number Barcode Date last seen Price effective from Koha item type
    Library of Congress Classification     Non-fiction Rongo University Library Rongo University Library General Stacks 13/02/2026 Books for Africa, Donation   HB183 .C64 2009 20261440 13/02/2026 13/02/2026 Long Loan Books

© 2026 Rongo University
Contact us: librarian | system librarian | Rongo university